000 00907nam a22003017a 4500
003 CHAP
005 20220329134319.0
008 971013s1966 r 00010 d
010 _a18578
011 _a19550
035 _a23635
040 _cCHAP
082 _a589.2
_bA54Y
100 0 0 _aAlexopoulos, Constantine John.
_93843
245 _aIntroducción a la micología
260 _aBuenos Aires :
_bEUDEBA,
_c1966
300 _a615 p.
_b: ilus
500 _aTrad. de la 2 ed. en inglés
590 _aBATCH-UPD
_b10
_c20130110
_lUCH01
_h1839
590 _aBATCH-UPD
_b10
_c20130410
_lUCH01
_h1210
590 _aBATCH-UPD
_b10
_c20130914
_lUCH01
_h1729
590 _aCONVERSION
_b10
_c20130109
_lUCH01
_h1311
650 1 4 _aLíquenes.
_967489
650 1 4 _aMicología.
_975476
901 _aBK
942 _cLIBRO
949 _a589.2 A54Y
_bBC
_cLIBRO
_d33724000834115
_eLIBRO
_fc.2
_h45244
_i23635
_mD
_si
_t528.00
999 _c18578
_d18578